| 000 | 00436nam a22001577a 4500 | ||
|---|---|---|---|
| 020 | _a0534573061 | ||
| 050 |
_aKF 9223 _b.S4 2001 |
||
| 100 | _aSenna ,Joseph | ||
| 245 | _aIntroduction to criminal justice | ||
| 250 | _a9th ed. | ||
| 260 |
_aUSA: _bThomson Learning, _c2002. |
||
| 300 | _a644p. | ||
| 650 |
_bCriminal justice ,Administration of United states _vCriminal law -United Stated |
||
| 700 | _aSiegel,Larry | ||
| 942 |
_2lcc _cGEN |
||
| 999 |
_c6381 _d6381 |
||